Jews and Judaism in a midwestern community, Columbus, Ohio, 1840-1975 /

Bibliographic Details
Main Author: Raphael, Marc Lee
Format: Book
Language:English
Published: Columbus : Ohio Historical Society, 1979.
Subjects:

MARC

Tag First Indicator Second Indicator Subfields
LEADER 00000cam a2200000 a 4500
001 in00000082794
005 20151008054229.0
008 800110s1979 ohua b 00110 engm
010 |a  79087559  
020 |a 0877580138 
035 |a (OCoLC)05541027 
035 |9 AAJ0034AM 
040 |a DLC  |c DLC  |d m.c.  |d TXA  |d UtOrBLW 
043 |a n-us-oh 
049 |a TXAM  |c [932732] 
050 0 0 |a F499.C79  |b J57 
082 0 |a 977.1/57004924 
100 1 |a Raphael, Marc Lee. 
245 1 0 |a Jews and Judaism in a midwestern community, Columbus, Ohio, 1840-1975 /  |c Marc Lee Raphael. 
264 1 |a Columbus :  |b Ohio Historical Society,  |c 1979. 
300 |a x, 483 pages :  |b illustrations ;  |c 24 cm. 
336 |a text  |b txt  |2 rdacontent 
337 |a unmediated  |b n  |2 rdamedia 
338 |a volume  |b nc  |2 rdacarrier 
500 |a Includes index. 
504 |a Bibliography: pages 445-455. 
650 0 |a Jews  |z Ohio  |z Columbus  |x History. 
651 0 |a Columbus (Ohio)  |x History. 
999 |a MARS 
999 f f |s 6bf9e9fb-d3d6-3adc-9b01-558e4ca204f7  |i 040e0df9-dd2e-3d97-b251-f354946abd3d  |t 0 
952 f f |p ric  |a Texas A&M University  |b Rellis Campus  |c Joint Library Facility  |d Remote Storage  |t 0  |e F499.C79 J57  |h Library of Congress classification  |i unmediated -- volume  |m A14806109922 
998 f f |a F499.C79 J57  |t 0  |l Remote Storage